La primera vuelta presidencial: análisis político de sus resultados

Shranjeno v:
Bibliografske podrobnosti
Glavni avtor: Verdesoto C., Luis F
Format: Texto
Izdano: s.l.: s.e.
Oznake: Označite
Brez oznak, prvi označite!

MARC

LEADER 00000 a a2200000 04500
001 24401
003
040
090 |a 175000  
100 |a Verdesoto C., Luis F  
245 |a La primera vuelta presidencial: análisis político de sus resultados  
260 |a s.l.:   |b s.e.  
300 |a pp. 22-54  
999 |c 11771  |d 11771